| 000 | 00354 a2200133 4500 | ||
|---|---|---|---|
| 082 | _a658 | ||
| 090 |
_c4753 _d4753 |
||
| 100 | _aBanerjee, Mrityunjoy. | ||
| 245 |
_aBusiness Organisation and Management _cMirtyunjoy Banerjee |
||
| 260 |
_aNew Delhi, India _bKlayani Publishers _c1984 |
||
| 300 | _a195 | ||
| 500 | _apaperback | ||
| 942 |
_aNBS _cBK _k658 BAN |
||
| 999 |
_c347185 _d347185 |
||